000
00216nam a22000857a 4500
008
170622b xxu||||| |||| 00| 0 eng d
100
_9
3640
_a
Kumar. A
245
_a
Physics Class - XII Part- 2
260
_a
NCERT
_b
NCERT
_c
1995
999
_c
7034
_d
7034